| 000 | 00937nam a2200205Ia 4500 | ||
|---|---|---|---|
| 008 | 0000001996 pe a 0000000000spa00 | ||
| 090 | _aPUS00 C34c | ||
| 100 | 1 |
_aCillóniz de Marchini, Claudia _d1959 |
|
| 245 | 1 | 0 |
_aClaudia Cillóniz de Marchini _b: between paint and stone = entre piedra y pintura _c/ fotografías Timothy Bullard |
| 300 |
_a[24] p. _c/ 24 cm. |
||
| 500 | _aArtista peruana con ciudadanía estadounidense \ Texto bilingue: inglés español \ Con el patronazgo del maestro venezolano Jesús Rafael Soto (q.e.p.d.) \ Registro auspiciado por el IDCT. Bogotá | ||
| 600 | 0 | 0 |
_aCILLONIZ DE MARCHINI, CLAUDIA, 1959/ _xTRABAJOS PICTORICOS |
| 650 | 1 | 4 | _aARTE CONTEMPORANEO ESTADOUNIDENSE |
| 650 | 1 | 4 | _xCATALOGOS |
| 650 | 1 | 4 | _xEXPOSICIONES |
| 650 | 1 | 4 | _aPINTORES ESTADOUNIDENSES |
| 650 | 1 | 4 | _aPINTURA ESTADOUNIDENSE |
| 700 | 1 | _aBullard, Timothy | |
| 999 |
_c3472 _d3472 |
||
| 260 |
_aLima : Galería Cecilia González _c1996 |
||